| 000 | 00000nam 2200000za 4500 |
| 001 | 9.856006 |
| 003 | CaOODSP |
| 005 | 20221107155434 |
| 007 | cr ||||||||||| |
| 008 | 180501s2013 onc |o f000 0 fre d |
| 040 | |aCaOODSP|bfre |
| 043 | |an-cn-ab |
| 086 | 1 |aM159-15/2013F-PDF |
| 245 | 00|aÉtude de l’ingénierie de base pour le cycle combiné à gazéification intégrée |h[ressource électronique] / |c[Bureau de recherche et de développement énergétiques]. |
| 260 | |a[Ottawa : |bBureau de recherche et de développement énergétiques], |cc2013. |
| 300 | |a[1] p. |
| 500 | |aPubl. aussi en anglais sous le titre : IGCC Front End Engineering Design study. |
| 500 | |aTitre de départ. |
| 500 | |a« Révisé en mars 2013. » |
| 520 | |a« Entre 2006 et 2010, la Capital Power Corporation (CPC) a effectué une étude sur l’ingénierie de base d’une installation pour le cycle combiné à gazéification intégrée, avec captage de dioxyde de carbone (CO2) d’environ 240 mégawatts (MW) (net), pour le compte de la Canadian Clean Power Coalition (CCPC). Cette étude visait à découvrir le coût et la viabilité véritables d’une telle usine qui serait bâtie sur les lieux de la centrale électrique de Genesee, en Alberta, au Canada, située à près de 50 kilomètres à l’ouest de la ville d’Edmonton »--Description du projet. |
| 692 | 07|2gccst|aCentrale électrique |
| 692 | 07|2gccst|aGaz à effet de serre |
| 693 | 4|aCaptage de dioxyde de carbone |
| 710 | 1 |aCanada. |bRessources naturelles Canada. |
| 710 | 1 |aCanada.|bBureau de recherche et de développement énergétiques. |
| 775 | 08|tIGCC Front End Engineering Design study |w(CaOODSP)9.846609 |
| 856 | 40|qPDF|s692 Ko|uhttps://publications.gc.ca/collections/collection_2018/rncan-nrcan/m159/M159-15-2013-fra.pdf |